|
|
|
|
| LEADER |
00000nam a2200000 a 4500 |
| 001 |
vtls010096615 |
| 003 |
SK-MaSNL |
| 005 |
20260301051432.0 |
| 008 |
240314s2009 xo l f 000 0 slo |
| 015 |
|
|
|a SNBA2010/06-03493
|
| 020 |
|
|
|a 9788089234806
|q (brož.)
|
| 035 |
|
|
|a D4BA37CE-B23E-42C0-A875-F4BFBF421367
|
| 035 |
|
|
|a urn:nbn:sk:snk-amkaer
|
| 035 |
|
|
|a urn:nbn:sk:snk-am003o0r
|
| 040 |
|
|
|a SNK
|b slo
|c SNK
|e AACR2
|
| 041 |
0 |
|
|a slo
|
| 044 |
|
|
|a xo
|c SK
|
| 072 |
|
7 |
|a 37
|x Výchova a vzdelávanie
|2 konspekt
|
| 080 |
|
|
|a 37.01:615.8
|2 2001
|
| 080 |
|
|
|a 364.622-785.4:792
|2 2001
|
| 080 |
|
|
|a (048.8)
|2 2001
|
| 100 |
1 |
|
|a Majzlanová, Katarína
|4 aut
|9 7426
|
| 245 |
1 |
0 |
|a Uplatnenie pedagogickej terá[!]pie a dramatoterapie v procese edukácie
|c [Katarína Majzlanová, Terézia Strédl ; zostavil: Sándor Albert]
|
| 246 |
3 |
|
|a Uplatnenie pedagogickej terapie a dramatoterapie v procese edukácie
|
| 250 |
|
|
|a [1. vyd.]
|
| 260 |
|
|
|a Komárno
|b Univerzita J. Selyeho
|c 2009
|
| 300 |
|
|
|a 75 s.
|b tab.
|c 21 cm
|
| 504 |
|
|
|a Bibliogr. odkazy
|
| 530 |
|
|
|a Vydané aj v elektronickej forme
|
| 650 |
0 |
7 |
|a pedagogická terapia
|2 SNKPH
|9 325984
|
| 650 |
0 |
7 |
|a dramatoterapia
|2 SNKPH
|9 179821
|
| 655 |
|
7 |
|a monografie
|2 SNKPH
|9 70139
|
| 700 |
1 |
|
|a Stredl, Terézia,
|d 1952-
|4 aut
|9 107200
|
| 700 |
1 |
|
|a Albert, Sándor,
|d 1943-
|4 com
|9 92664
|
| 919 |
|
|
|a 978-80-89234-80-6
|
| 958 |
|
|
|a NB
|
| 958 |
|
|
|a OND
|
| 968 |
|
|
|d 37
|
| 999 |
|
|
|c 603317
|d 605247
|
| 952 |
|
|
|a SNK
|b SNK
|y PREZ
|7 0
|p 17A0659067
|o snkSC 140329
|i snk2010/10274
|8 0
|0 0
|1 0
|4 0
|d 2010-05-18
|f 1
|l 0
|r 2025-07-08 00:00:00
|w 2026-02-23
|
| 952 |
|
|
|a SNK
|b SNK
|y VYP
|7 0
|p 17A0659068
|o snkSC 140329 D1
|i snk2010/10275
|8 0
|0 0
|1 0
|4 0
|d 2010-05-18
|l 0
|r 2026-02-23 16:00:44
|w 2026-02-23
|